000
00226nam a22001097a 4500
041
_a
eng
080
_a
80
100
_a
Smith, Brooks E.
245
_a
Language: Structure and Use.
650
_a
English Practice
999
_c
281331
_d
281331
942
_c
BK